| 000 | 00725nam a22002297a 4500 | ||
|---|---|---|---|
| 005 | 20131126101841.0 | ||
| 008 | 041216c19799999enkuu 0 0eng | ||
| 020 | _a0406934193 | ||
| 041 | 0 | _aeng | |
| 080 |
_a347 _x(035) |
||
| 245 | 0 | 0 | _aButterworths employment law handbook / |
| 246 | 3 | 0 | _aEmployment law handbook |
| 250 | _a9th edition | ||
| 260 |
_aLondon : _bButterworths ; _c2000. |
||
| 300 |
_a2018 f. : _c25 cm. |
||
| 500 | _aEditor: P. Wallington. | ||
| 515 | _aIssue published in 1979 lacks numbering and designation, but constitutes 1st ed. | ||
| 650 | 0 |
_aLigjet e Punës dhe legjislacioni _zBritania e madhe |
|
| 650 | 0 |
_aE drejta civile _zBritania e madhe |
|
| 700 | 1 | _aWallington, Peter. | |
| 942 |
_2udc _cBK |
||
| 999 |
_c361 _d361 |
||